| 000 | 00401nam a2200145Ia 4500 | ||
|---|---|---|---|
| 005 | 20240823065828.0 | ||
| 008 | 240823s9999||||xx |||||||||||||| ||und|| | ||
| 082 | _A671.52 Q4 | ||
| 100 | _a"Ramkumar,A" | ||
| 245 | 0 | _aFriction stir welding and characterization of similar and dissimilar joints of magnesium alloy | |
| 260 | _c2014 | ||
| 500 | _aYES | ||
| 650 |
_aWelding _bMechanical |
||
| 942 | _cTH | ||
| 999 |
_c244292 _d244292 |
||